[Event "Quebec-ch U12 Online"]
[Site "Chess.com"]
[Date "2021.03.27"]
[Round "2"]
[White "Yang, Jing Yao"]
[Black "Auersperg, Leo"]
[Result "1-0"]
[WhiteElo "1300"]
[BlackElo "1218"]
[PlyCount "79"]
[EventDate "2021.03.27"]
[EventType "swiss"]
[EventRounds "5"]
[EventCountry "CAN"]

1. d4 Nf6 2. Bf4 e6 3. Nf3 b6 4. e3 Bb7 5. Nbd2 Be7 6. Bd3 O-O 7. c3 d6 8. Qe2
d5 9. Ne5 c5 10. g4 Ne8 11. h4 Nc6 12. g5 g6 13. h5 Bxg5 14. hxg6 fxg6 15. Bxg6
Nxe5 16. Bxh7+ Kg7 17. Bxe5+ Bf6 18. Qh5 Rh8 19. O-O-O Qe7 20. Rdg1+ Kf8 21.
Qh6+ Bg7 22. Qf4+ Bf6 23. Bg6 Rg8 24. Bxe8 Rxg1+ 25. Rxg1 Kxe8 26. Bxf6 Qf7 27.
Qh6 Qf8 28. Rg7 Bc6 29. Re7+ Qxe7 30. Bxe7 Kxe7 31. Qg7+ Kd6 32. Qe5+ Kd7 33.
Nf3 Rf8 34. Ng5 Re8 35. Nf7 Ba4 36. Qd6+ Kc8 37. dxc5 Rg8 38. Qxe6+ Kb7 39.
Nd6+ Ka6 40. Qxg8 1-0

[Event "Quebec-ch U12 Online"]
[Site "Chess.com"]
[Date "2021.03.27"]
[Round "3"]
[White "Auersperg, Leo"]
[Black "Fang, Zhou"]
[Result "0-1"]
[WhiteElo "1218"]
[BlackElo "1534"]
[PlyCount "54"]
[EventDate "2021.03.27"]
[EventType "swiss"]
[EventRounds "5"]
[EventCountry "CAN"]

1. e4 d6 2. d4 Nf6 3. Nc3 Nbd7 4. Bd3 e5 5. Nf3 Be7 6. Bg5 c6 7. O-O h6 8. Bh4
Qc7 9. Qd2 g5 10. Bg3 Nh5 11. dxe5 Nxg3 12. exd6 Nxf1 13. Rxf1 Bxd6 14. Re1 Ne5
15. Nxe5 Bxe5 16. Bc4 Bxh2+ 17. Kh1 Be5 18. Rd1 Be6 19. Be2 Rd8 20. Bd3 g4 21.
Qe3 Bf4 22. Qe2 g3 23. f3 Qa5 24. Kg1 Qh5 25. Qe1 Qh2+ 26. Kf1 Qh1+ 27. Ke2
Qxg2+ 0-1

[Event "Quebec-ch U12 Online"]
[Site "Chess.com"]
[Date "2021.03.27"]
[Round "3"]
[White "Georgescu-Nicolau, Luca"]
[Black "Yang, Jing Yao"]
[Result "1/2-1/2"]
[WhiteElo "1314"]
[BlackElo "1300"]
[PlyCount "107"]
[EventDate "2021.03.27"]
[EventType "swiss"]
[EventRounds "5"]
[EventCountry "CAN"]

1. d4 d5 2. c4 e6 3. Nc3 Nf6 4. cxd5 exd5 5. Bg5 c6 6. e3 Bf5 7. Bd3 Bxd3 8.
Qxd3 Be7 9. Nf3 Nbd7 10. O-O O-O 11. Rfe1 Re8 12. Re2 h6 13. Bh4 Nb6 14. Rae1
Ng4 15. Bxe7 Rxe7 16. e4 dxe4 17. Rxe4 Rxe4 18. Qxe4 Nf6 19. Qe7 Qxe7 20. Rxe7
Nfd7 21. a4 Kf8 22. Re1 Re8 23. Kf1 Rxe1+ 24. Kxe1 Ke7 25. b3 Kd6 26. Kd2 Nd5
27. Nxd5 Kxd5 28. Kd3 Nf8 29. Ne5 Ne6 30. Nxf7 Nf4+ 31. Kc3 Nxg2 32. Ne5 Nf4
33. Nf3 Ke4 34. Nd2+ Kd5 35. Nf3 Ke4 36. Nd2+ Kd5 37. Nf1 Ne2+ 38. Kd3 Nxd4 39.
Ne3+ Kc5 40. b4+ Kxb4 41. Kxd4 Kxa4 42. Kc5 b5 43. Nc2 a5 44. Nd4 b4 45. Kc4 c5
46. Nb3 h5 47. f4 h4 48. f5 h3 49. Nxc5+ Ka3 50. Nd3 Ka2 51. Nc5 Ka3 52. Nd3
Ka2 53. Nc1+ Ka3 54. Nd3 1/2-1/2

[Event "Quebec-ch U12 Online"]
[Site "Chess.com"]
[Date "2021.03.27"]
[Round "3"]
[White "Khatchikian, Eva"]
[Black "Mourad, Michel"]
[Result "0-1"]
[WhiteElo "929"]
[BlackElo "1186"]
[PlyCount "96"]
[EventDate "2021.03.27"]
[EventType "swiss"]
[EventRounds "5"]
[EventCountry "CAN"]

1. e4 e5 2. Nf3 Nf6 3. Nc3 Nc6 4. Bc4 Nxe4 5. Nxe4 d5 6. Bxd5 Qxd5 7. Nc3 Qd8
8. Qe2 f6 9. a3 Bc5 10. d3 Bg4 11. h3 Nd4 12. Qd1 Nxf3+ 13. gxf3 Bh5 14. Ne4
Bb6 15. Ng3 Bg6 16. Be3 Ba5+ 17. Bd2 Bb6 18. Be3 Bd4 19. Rb1 c5 20. Qd2 O-O 21.
h4 Bf7 22. c3 Bxe3 23. Qxe3 Bb3 24. Qd2 Qd5 25. Ke2 Rad8 26. c4 Bxc4 27. Rbd1
Bb3 28. Rc1 c4 29. Rc3 cxd3+ 30. Kf1 Bc2 31. Kg2 f5 32. Re1 e4 33. fxe4 fxe4
34. Nxe4 Rde8 35. f3 Qf5 36. Ng5 Rxe1 37. Qxe1 Kh8 38. Qe4 d2 39. Qxf5 Bxf5 40.
Re3 d1=Q 41. Nf7+ Kg8 42. Nh6+ gxh6 43. Kf2 Bg4 44. f4 Rxf4+ 45. Kg3 Rf3+ 46.
Rxf3 Qxf3+ 47. Kh2 Bh3 48. Kg1 Qg2# 0-1

[Event "Quebec-ch U12 Online"]
[Site "Chess.com"]
[Date "2021.03.28"]
[Round "4"]
[White "Adam, Estelle"]
[Black "Khatchikian, Eva"]
[Result "0-1"]
[WhiteElo "976"]
[BlackElo "929"]
[PlyCount "92"]
[EventDate "2021.03.27"]
[EventType "swiss"]
[EventRounds "5"]
[EventCountry "CAN"]

1. e4 e5 2. c3 Nf6 3. Nf3 Nc6 4. d4 exd4 5. Nxd4 Nxe4 6. Bc4 Qf6 7. Be3 Nxd4 8.
Bxd4 Qg6 9. Qf3 Nf6 10. O-O Bd6 11. Bd3 Qh6 12. h3 O-O 13. Be3 Qh5 14. g4 Qe5
15. Qg2 Qd5 16. Qxd5 Nxd5 17. Bd4 Nf4 18. Rd1 Nxh3+ 19. Kg2 Nf4+ 20. Kf3 Nxd3
21. Rxd3 b6 22. Ke2 Ba6 23. c4 Bxc4 24. Kd2 Bxd3 25. Kxd3 f5 26. gxf5 Rxf5 27.
Ke4 Rf4+ 28. Kd5 Raf8 29. Nc3 R8f5+ 30. Kc4 a6 31. Nd5 b5+ 32. Kd3 Rxd5 33. Ke3
Rfxd4 34. Rc1 Rd3+ 35. Ke4 R5d4+ 36. Kf5 g6+ 37. Kf6 Rf3+ 38. Kg5 Rd5+ 39. Kg4
Rdf5 40. Kh4 Rh5+ 41. Kg4 Rff5 42. Rg1 Rhg5+ 43. Kh3 Rxg1 44. Kh4 h6 45. Kh3
Rfg5 46. Kh4 Rh1# 0-1

[Event "Quebec-ch U12 Online"]
[Site "Chess.com"]
[Date "2021.03.28"]
[Round "4"]
[White "Fang, Zhou"]
[Black "Yang, Jing Yao"]
[Result "1-0"]
[WhiteElo "1534"]
[BlackElo "1300"]
[PlyCount "123"]
[EventDate "2021.03.27"]
[EventType "swiss"]
[EventRounds "5"]
[EventCountry "CAN"]

1. e4 c5 2. a3 d6 3. b4 Nf6 4. f3 g6 5. c3 Bg7 6. d4 cxd4 7. cxd4 a6 8. Be3 O-O
9. Bd3 Nc6 10. Ne2 e6 11. O-O Nh5 12. Nd2 f5 13. Rc1 Bd7 14. Nb3 Rc8 15. Qd2
Re8 16. Rc2 Qe7 17. g3 Na7 18. Rfc1 Rxc2 19. Qxc2 Ba4 20. Qb1 Qd7 21. Na5 Rc8
22. Rxc8+ Qxc8 23. Nc4 Qc6 24. d5 exd5 25. exd5 Qxd5 26. Bxa7 Qxf3 27. Nd2 Qd5
28. Bc4 Qxc4 29. Nxc4 Bb5 30. Qd3 b6 31. Qd5+ Kf8 32. Qxd6+ Kf7 33. Qd5+ Kf8
34. Qd8+ Kf7 35. Nd6+ Ke6 36. Nxb5 axb5 37. Nf4+ Nxf4 38. gxf4 Bf6 39. Qxb6+
Kf7 40. Qxb5 h5 41. Qd7+ Kg8 42. Qe8+ Kg7 43. Bc5 g5 44. Qf8+ Kg6 45. Qg8+ Bg7
46. Bf8 Kf6 47. Qxg7+ Ke6 48. Qe7+ Kd5 49. Qxg5 Ke6 50. Qxh5 Kd5 51. Qxf5+ Kc6
52. Bh6 Kd6 53. Bg5 Kc6 54. h4 Kc7 55. h5 Kc6 56. h6 Kd6 57. h7 Kc6 58. h8=Q
Kc7 59. Qg7+ Kc6 60. Qgf6+ Kc7 61. Qh7+ Kc8 62. Qfh8# 1-0

[Event "Quebec-ch U12 Online"]
[Site "Chess.com"]
[Date "2021.03.28"]
[Round "5"]
[White "Georgescu-Nicolau, Luca"]
[Black "Fang, Zhou"]
[Result "0-1"]
[WhiteElo "1314"]
[BlackElo "1534"]
[PlyCount "42"]
[EventDate "2021.03.27"]
[EventType "swiss"]
[EventRounds "5"]
[EventCountry "CAN"]

1. d4 Nf6 2. c4 e5 3. dxe5 Ng4 4. Nf3 Bc5 5. e3 Nc6 6. Nc3 O-O 7. Be2 Re8 8.
O-O a5 9. b3 Ngxe5 10. Bb2 Nxf3+ 11. Bxf3 Ne5 12. Be2 Ra6 13. Qc2 Rh6 14. h3 d6
15. Ne4 Qh4 16. Ng3 Bxh3 17. gxh3 Qxh3 18. Rfc1 Bxe3 19. Bxe5 Rxe5 20. fxe3
Qxg3+ 21. Kf1 Rh1# 0-1

[Event "Quebec-ch U12 Online"]
[Site "Chess.com"]
[Date "2021.03.28"]
[Round "5"]
[White "Yang, Jing Yao"]
[Black "Mourad, Michel"]
[Result "0-1"]
[WhiteElo "1300"]
[BlackElo "1186"]
[PlyCount "114"]
[EventDate "2021.03.27"]
[EventType "swiss"]
[EventRounds "5"]
[EventCountry "CAN"]

1. d4 d5 2. Bf4 Bf5 3. e3 e6 4. Nf3 Nf6 5. c3 c5 6. Bd3 Bxd3 7. Qxd3 c4 8. Qe2
Nc6 9. Nbd2 b5 10. b3 Ba3 11. Rb1 b4 12. cxb4 c3 13. Qb5 Qb6 14. Qa4 Bxb4 15.
Ne5 cxd2+ 16. Ke2 Rc8 17. f3 O-O 18. Nd3 a5 19. a3 Bc3 20. Nc5 Na7 21. Be5 Rxc5
22. Bxf6 Qb5+ 23. Qxb5 Rxb5 24. Be7 Rfb8 25. b4 axb4 26. axb4 Bxb4 27. Bxb4
Rxb4 28. Rxb4 Rxb4 29. Kxd2 Rb2+ 30. Kd3 Rxg2 31. Ra1 Rxh2 32. Rxa7 h6 33. f4
h5 34. Ra8+ Kh7 35. Rf8 Kg6 36. Rh8 Kf6 37. Rh7 h4 38. Kc3 Kg6 39. Rh8 f6 40.
Re8 Kf7 41. Rh8 g5 42. fxg5 fxg5 43. Kd3 g4 44. e4 g3 45. Ke3 g2 46. Kf2 h3 47.
Kg1 Rh1+ 48. Kf2 g1=Q+ 49. Kf3 Qf1+ 50. Ke3 Qe1+ 51. Kd3 Qxe4+ 52. Kd2 Qxd4+
53. Ke2 Qxh8 54. Kd2 Qd4+ 55. Kc2 Qe3 56. Kb2 Rh2+ 57. Kb1 Qg1# 0-1

[Event "Quebec-ch U18 Online"]
[Site "Chess.com"]
[Date "2021.03.27"]
[Round "1"]
[White "Blais, Damien"]
[Black "Latorre, Vincent"]
[Result "0-1"]
[WhiteElo "1028"]
[BlackElo "1941"]
[PlyCount "66"]
[EventDate "2021.03.27"]
[EventType "swiss"]
[EventRounds "5"]
[EventCountry "CAN"]

1. e4 g6 2. Nf3 Bg7 3. Bc4 d6 4. Be2 a6 5. Nc3 b5 6. d3 Nd7 7. Bd2 Bb7 8. O-O
Ngf6 9. Bg5 O-O 10. e5 Nxe5 11. Nxe5 dxe5 12. Bxf6 exf6 13. Bf3 Bxf3 14. Qxf3
f5 15. Rad1 Qd6 16. a3 c5 17. Qh3 Qd4 18. Qh4 Qxh4 19. Nd5 e4 20. dxe4 fxe4 21.
g3 Qg5 22. h4 Qe5 23. Rd2 Rad8 24. Rfd1 e3 25. fxe3 Rxd5 26. Rxd5 Qxg3+ 27. Kf1
Qf3+ 28. Kg1 Bh6 29. Re5 Qg3+ 30. Kf1 Qxe5 31. Ke2 Qxe3+ 32. Kf1 Re8 33. b3
Qe2+ 0-1

[Event "Quebec-ch U18 Online"]
[Site "Chess.com"]
[Date "2021.03.27"]
[Round "1"]
[White "El-Bechara, Gabriel-Mourani"]
[Black "Yan, Alex Jikai"]
[Result "0-1"]
[WhiteElo "977"]
[BlackElo "1868"]
[PlyCount "84"]
[EventDate "2021.03.27"]
[EventType "swiss"]
[EventRounds "5"]
[EventCountry "CAN"]

1. e4 c5 2. d4 cxd4 3. c3 Nf6 4. e5 Nd5 5. cxd4 e6 6. Bc4 Nb6 7. Bb3 Nc6 8. d5
Nxe5 9. dxe6 Bb4+ 10. Nc3 dxe6 11. Qxd8+ Kxd8 12. Bd2 Ke7 13. a3 Bc5 14. Bc2
Nbc4 15. O-O-O Bd7 16. Ne4 b6 17. f4 Nxd2 18. fxe5 Nxe4 19. Bxe4 Rac8 20. Kb1
Rhd8 21. Nf3 Ba4 22. Rxd8 Rxd8 23. Ng5 h6 24. Nf3 Bd1 25. b4 Be3 26. Re1 Bf4
27. g3 Bxf3 28. Bxf3 Bd2 29. Rd1 Bc3 30. Rc1 Bxe5 31. Ka2 Rd2+ 32. Kb3 Rd3+ 33.
Ka4 Rxf3 34. Re1 Bb2 35. Rb1 Rxa3+ 36. Kb5 Bd4 37. Kc6 Ra2 38. b5 Rc2+ 39. Kb7
Kd7 40. Rd1 e5 41. Kxa7 Kc7 42. Rf1 Ra2# 0-1

[Event "Quebec-ch U18 Online"]
[Site "Chess.com"]
[Date "2021.03.27"]
[Round "1"]
[White "Hamelin, Mikaiah"]
[Black "Tanaka, Tyler"]
[Result "0-1"]
[WhiteElo "1108"]
[BlackElo "2250"]
[PlyCount "56"]
[EventDate "2021.03.27"]
[EventType "swiss"]
[EventRounds "5"]
[EventCountry "CAN"]

1. e4 c5 2. Nf3 d6 3. d4 cxd4 4. Nxd4 Nf6 5. Nc3 g6 6. Be3 Bg7 7. Bc4 O-O 8.
Qd2 Ng4 9. h3 Nxe3 10. Qxe3 Nc6 11. Nf3 a6 12. O-O-O b5 13. Bd5 Bb7 14. e5 Qa5
15. a3 dxe5 16. Bxc6 Bxc6 17. Nxe5 Bb7 18. f3 b4 19. Nb1 Qxe5 20. Qxe5 Bxe5 21.
Rhe1 Bf4+ 22. Nd2 bxa3 23. bxa3 Rfd8 24. Rxe7 Bc6 25. Rc7 Bxc7 26. Re1 Bf4 27.
Rd1 Rxd2 28. Rxd2 Rd8 0-1

[Event "Quebec-ch U18 Online"]
[Site "Chess.com"]
[Date "2021.03.27"]
[Round "1"]
[White "Rodrigue-Lemieux, Shawn"]
[Black "Berube, Maximilien"]
[Result "1-0"]
[WhiteElo "2407"]
[BlackElo "1279"]
[PlyCount "51"]
[EventDate "2021.03.27"]
[EventType "swiss"]
[EventRounds "5"]
[EventCountry "CAN"]

1. c4 c6 2. e4 d5 3. exd5 cxd5 4. d4 e6 5. Nc3 Bb4 6. Nf3 Nf6 7. cxd5 Nxd5 8.
Bd2 Nc6 9. Bd3 O-O 10. O-O h6 11. Qe2 Re8 12. Rad1 Nxc3 13. bxc3 Ba5 14. Rfe1
Bc7 15. Bc1 Ba5 16. d5 Nb8 17. dxe6 Kh8 18. Bb5 Nd7 19. Bxd7 Bxd7 20. Rxd7 Qxd7
21. exd7 Rxe2 22. Rxe2 Rd8 23. Re8+ Kh7 24. Ne5 f6 25. Rxd8 Bxd8 26. Nf7 1-0

[Event "Quebec-ch U18 Online"]
[Site "Chess.com"]
[Date "2021.03.27"]
[Round "1"]
[White "Zheng, Richard"]
[Black "Liu, Ryan"]
[Result "1-0"]
[WhiteElo "2152"]
[BlackElo "1101"]
[PlyCount "103"]
[EventDate "2021.03.27"]
[EventType "swiss"]
[EventRounds "5"]
[EventCountry "CAN"]

1. d4 d5 2. c4 e6 3. Nc3 Nf6 4. c5 c6 5. Bf4 b6 6. b4 bxc5 7. bxc5 Qa5 8. Bd2
Qc7 9. Nf3 Be7 10. e3 a5 11. Bd3 Nbd7 12. O-O O-O 13. Na4 e5 14. dxe5 Nxe5 15.
Nxe5 Qxe5 16. Bc3 Qc7 17. f4 Rd8 18. Be5 Qa7 19. Qc2 g6 20. Nb6 Ng4 21. Bd4 Rb8
22. h3 Nf6 23. Qa4 Bb7 24. Rac1 Nd7 25. Nxd7 Rxd7 26. Rc3 Ba6 27. Qxc6 Bxd3 28.
Rxd3 Rc7 29. Qxd5 Rd8 30. Qe5 f6 31. Qe6+ Kg7 32. g4 Rf8 33. g5 Qb7 34. Rb3 Qc6
35. Qxc6 Rxc6 36. Rb7 Rf7 37. f5 Bd8 38. gxf6+ Kg8 39. Rb8 Rf8 40. fxg6 hxg6
41. f7+ Kh7 42. Rxd8 Rxd8 43. f8=Q Rxf8 44. Rxf8 Kh6 45. Ra8 Kg5 46. Rxa5 Kf5
47. Rb5 g5 48. Rb6 Rc7 49. a4 Ra7 50. c6 Rxa4 51. c7 Ra1+ 52. Bxa1 1-0

[Event "Quebec-ch U18 Online"]
[Site "Chess.com"]
[Date "2021.03.27"]
[Round "2"]
[White "Batorshyn, Ilia"]
[Black "Bilodeau-Savaria, Sandy-Rose"]
[Result "1-0"]
[WhiteElo "1449"]
[BlackElo "1537"]
[PlyCount "107"]
[EventDate "2021.03.27"]
[EventType "swiss"]
[EventRounds "5"]
[EventCountry "CAN"]

1. b3 d5 2. Bb2 Bf5 3. Nf3 Nf6 4. e3 e6 5. Be2 c5 6. O-O Bd6 7. c4 Nc6 8. d4
cxd4 9. Nxd4 Bg6 10. cxd5 exd5 11. Bb5 Rc8 12. Nd2 O-O 13. N2f3 Bh5 14. Be2
Nxd4 15. Bxd4 Ne4 16. Rc1 Qa5 17. Rxc8 Rxc8 18. Ne5 Bxe5 19. Bxh5 Bxd4 20. Qxd4
Nc3 21. a4 a6 22. Qe5 g6 23. Bg4 Rd8 24. h3 Qb4 25. Qf6 Rd6 26. Qe5 Rc6 27.
Qe8+ Kg7 28. f4 Qxb3 29. f5 Ne4 30. fxg6 Qxe3+ 31. Kh2 Qg3+ 32. Kh1 Nf2+ 33.
Kg1 hxg6 34. Rxf2 Rc1+ 35. Rf1 Rc2 36. Qxf7+ Kh6 37. Qf8+ Kg5 38. Qf6+ Kh6 39.
Qf4+ Qxf4 40. Rxf4 Kg5 41. Rd4 Rc5 42. Bf3 b5 43. axb5 axb5 44. Rxd5+ Rxd5 45.
Bxd5 Kf4 46. Kf2 Ke5 47. Ba2 Kd4 48. Kg3 Kc3 49. Kg4 b4 50. Kg5 b3 51. Bxb3
Kxb3 52. Kxg6 Kc3 53. h4 Kd3 54. h5 1-0

[Event "Quebec-ch U18 Online"]
[Site "Chess.com"]
[Date "2021.03.27"]
[Round "2"]
[White "Chen, Daniel"]
[Black "Blais, Damien"]
[Result "0-1"]
[WhiteElo "939"]
[BlackElo "1028"]
[PlyCount "180"]
[EventDate "2021.03.27"]
[EventType "swiss"]
[EventRounds "5"]
[EventCountry "CAN"]

1. e4 e5 2. Nf3 Nc6 3. Bc4 Bc5 4. O-O Nf6 5. Nc3 d6 6. d3 Nd4 7. Nxd4 Bxd4 8.
Nd5 Nxd5 9. Bxd5 O-O 10. c3 c6 11. Bb3 Bb6 12. d4 exd4 13. cxd4 Qf6 14. Be3 c5
15. d5 Qxb2 16. Bc2 Qe5 17. Rb1 f5 18. f4 Qe8 19. Rf3 fxe4 20. Rg3 c4 21. Bxb6
axb6 22. Qd4 Qf7 23. Bxe4 Rxa2 24. h3 Qf6 25. Qxf6 Rxf6 26. Rxb6 c3 27. Rxc3
Ra8 28. g4 Rxf4 29. Rc4 Rf6 30. g5 Rf4 31. Bxh7+ Kxh7 32. Rxf4 Bxh3 33. Rh4+
Kg6 34. Rxh3 Kxg5 35. Rxb7 Kf6 36. Rb6 Rd8 37. Rf3+ Ke5 38. Rf7 g5 39. Rg7 Kf4
40. Kg2 g4 41. Rf7+ Kg5 42. Kg3 Kg6 43. Re7 Kf5 44. Re6 Kg5 45. Rbxd6 Rb8 46.
Rg6+ Kf5 47. Rxg4 Rb3+ 48. Kh4 Rb2 49. Kg3 Rb3+ 50. Kh4 Rb2 51. Rg3 Rb4+ 52.
Kh5 Rb2 53. Rg5+ Kf4 54. Rf6+ Ke4 55. d6 Rb7 56. Kh6 Rb3 57. d7 Rd3 58. Rg4+
Ke5 59. Rf7 Ke6 60. Kg6 Rd6 61. Re4+ Kd5+ 62. Rf6 Rxd7 63. Kf5 Kc5 64. Re5+ Kc4
65. Kg6 Kd4 66. Rff5 Rd6+ 67. Kg5 Kc4 68. Rc5+ Kb4 69. Rb5+ Kc4 70. Rfc5+ Kd4
71. Rf5 Rc6 72. Rf4+ Kc3 73. Re5 Rd6 74. Re3+ Kd2 75. Ra3 Ke2 76. Kg4 Rg6+ 77.
Kf5 Rd6 78. Ke4 Re6+ 79. Kd5 Rb6 80. Rf5 Rb5+ 81. Ke4 Rb4+ 82. Kd5 Rb5+ 83. Kc6
Rxf5 84. Ra2+ Kf3 85. Ra3+ Kg4 86. Kd6 Rf6+ 87. Ke5 Rf5+ 88. Ke4 Rf4+ 89. Ke3
Rf3+ 90. Ke2 Rxa3 0-1

[Event "Quebec-ch U18 Online"]
[Site "Chess.com"]
[Date "2021.03.27"]
[Round "2"]
[White "Kot, Emanuel"]
[Black "Adam, Rafael"]
[Result "1-0"]
[WhiteElo "1598"]
[BlackElo "1907"]
[PlyCount "65"]
[EventDate "2021.03.27"]
[EventType "swiss"]
[EventRounds "5"]
[EventCountry "CAN"]

1. e4 e5 2. Nf3 Nc6 3. Bb5 a6 4. Bxc6 dxc6 5. O-O f6 6. d4 exd4 7. Nxd4 Bd6 8.
Nc3 Ne7 9. Be3 Bd7 10. f4 Ng6 11. Nf5 Bxf5 12. exf5 Ne7 13. Qh5+ Kf8 14. g4 Qe8
15. Qh3 h5 16. g5 Qd7 17. gxf6 gxf6 18. Bd4 Nxf5 19. Bxf6 Rg8+ 20. Bg5 h4 21.
Ne4 Be7 22. Qc3 Qd4+ 23. Qxd4 Nxd4 24. c3 Nf5 25. Kh1 Kf7 26. Bxe7 Kxe7 27.
Rfe1 b6 28. Rad1 Rad8 29. Ng5+ Kf6 30. Re6+ Kg7 31. Rg1 Rge8 32. Rxc6 Rd6 33.
Rxc7+ 1-0

[Event "Quebec-ch U18 Online"]
[Site "Chess.com"]
[Date "2021.03.27"]
[Round "2"]
[White "Latorre, Vincent"]
[Black "Stoilov, Vadym"]
[Result "1-0"]
[WhiteElo "1941"]
[BlackElo "1639"]
[PlyCount "61"]
[EventDate "2021.03.27"]
[EventType "swiss"]
[EventRounds "5"]
[EventCountry "CAN"]

1. e4 c5 2. Nf3 d6 3. d4 cxd4 4. Nxd4 Nf6 5. Nc3 a6 6. h3 e6 7. g4 b5 8. Bg2
Bb7 9. g5 Nfd7 10. Nce2 Be7 11. f4 Nb6 12. O-O N8d7 13. Ng3 Qc7 14. f5 e5 15.
f6 gxf6 16. gxf6 Bxf6 17. Ndf5 d5 18. exd5 e4 19. Bxe4 Be5 20. d6 Qb8 21. Qf3
Bxe4 22. Qxe4 Rg8 23. Bf4 f6 24. Bxe5 fxe5 25. Qh4 Nc8 26. Qxh7 Qb6+ 27. Kh2
Rf8 28. Ng7+ Kd8 29. Ne6+ Ke8 30. Qg6+ Rf7 31. Qxf7# 1-0

[Event "Quebec-ch U18 Online"]
[Site "Chess.com"]
[Date "2021.03.27"]
[Round "2"]
[White "Tanaka, Tyler"]
[Black "Guipi Bopala, Prince Eric jr"]
[Result "1-0"]
[WhiteElo "2250"]
[BlackElo "1859"]
[PlyCount "111"]
[EventDate "2021.03.27"]
[EventType "swiss"]
[EventRounds "5"]
[EventCountry "CAN"]

1. Nf3 d5 2. g3 Nf6 3. Bg2 e6 4. O-O Be7 5. c4 O-O 6. b3 c6 7. Bb2 Nbd7 8. d3
Re8 9. a3 Nf8 10. Nbd2 Ng6 11. b4 a6 12. Re1 Qc7 13. Rc1 Bd7 14. Nb3 Rad8 15.
Qc2 Qb8 16. cxd5 cxd5 17. Qc7 Bd6 18. Qxb8 Rxb8 19. Nc5 Bc6 20. Nxa6 Rbc8 21.
Nc5 b6 22. Nb3 e5 23. Nfd2 Bb7 24. Nb1 Rxc1 25. Rxc1 e4 26. Bxf6 gxf6 27. Nc3
f5 28. Nb5 Be5 29. d4 Bb8 30. e3 Ba6 31. Bf1 Rc8 32. Rxc8+ Bxc8 33. Nc3 Be6 34.
Nb5 Kf8 35. a4 Ke8 36. a5 bxa5 37. bxa5 Ne7 38. Nc5 Bc8 39. Be2 Nc6 40. a6 Na7
41. Nxa7 Bxa7 42. Bb5+ Kd8 43. Na4 Bd7 44. Nc3 Be6 45. Bc6 Kc7 46. Bxd5 Kb6 47.
Bxe6 fxe6 48. Ne2 Kxa6 49. Nf4 Kb5 50. Nxe6 Kc4 51. Ng7 Kd3 52. Kg2 Bb6 53.
Nxf5 Ba5 54. g4 Ke2 55. Ng3+ Kd3 56. h4 1-0

[Event "Quebec-ch U18 Online"]
[Site "Chess.com"]
[Date "2021.03.27"]
[Round "2"]
[White "Wang, Isabelle"]
[Black "Zheng, Richard"]
[Result "0-1"]
[WhiteElo "1725"]
[BlackElo "2152"]
[PlyCount "82"]
[EventDate "2021.03.27"]
[EventType "swiss"]
[EventRounds "5"]
[EventCountry "CAN"]

1. e4 c6 2. d4 d5 3. exd5 cxd5 4. Bd3 Nc6 5. c3 Qc7 6. Nf3 Bg4 7. O-O Nf6 8.
Re1 e6 9. Nbd2 Bd6 10. h3 Bh5 11. Qa4 O-O 12. Bb5 Nd7 13. Bxc6 bxc6 14. Qc2 Bg6
15. Qd1 c5 16. dxc5 Nxc5 17. Nh4 Bd3 18. Nb3 Nxb3 19. axb3 Be4 20. Be3 a5 21.
Ra4 h6 22. Nf3 Rfb8 23. Nd2 Bg6 24. c4 Bb4 25. Qf3 Be4 26. Qe2 e5 27. Rc1 Bg6
28. Nf3 d4 29. Bd2 d3 30. Qe1 e4 31. Nd4 Qc5 32. Bxb4 axb4 33. Nb5 Rd8 34. Qxb4
Qxb4 35. Rxb4 d2 36. Rd1 e3 37. fxe3 Bc2 38. Rxd2 Rxd2 39. Nd4 Be4 40. c5 Rxg2+
41. Kf1 Ra1# 0-1

[Event "Quebec-ch U18 Online"]
[Site "Chess.com"]
[Date "2021.03.27"]
[Round "2"]
[White "Yan, Alex Jikai"]
[Black "Rodrigue-Lemieux, Shawn"]
[Result "0-1"]
[WhiteElo "1868"]
[BlackElo "2407"]
[PlyCount "72"]
[EventDate "2021.03.27"]
[EventType "swiss"]
[EventRounds "5"]
[EventCountry "CAN"]

1. e4 c6 2. d4 d5 3. e5 Bf5 4. Nc3 e6 5. Nf3 Nd7 6. Be3 Rc8 7. Be2 Ne7 8. O-O
a6 9. a4 c5 10. dxc5 Nc6 11. Nd4 Nxd4 12. Bxd4 Bxc5 13. Bxc5 Rxc5 14. f4 Qb6
15. a5 Rxa5+ 16. Kh1 Rxa1 17. Qxa1 O-O 18. Bd3 Bxd3 19. cxd3 Rc8 20. Rc1 Qe3
21. Na2 Rxc1+ 22. Qxc1 Qxd3 23. h3 Qc4 24. Qxc4 dxc4 25. Kg1 Nc5 26. Nc1 b5 27.
Kf2 Kf8 28. Ke3 Ke7 29. Kd4 Nd3 30. Nxd3 cxd3 31. Kxd3 Kd7 32. Kc3 a5 33. Kd4
Kc6 34. g4 a4 35. f5 b4 36. f6 g5 0-1

[Event "Quebec-ch U18 Online"]
[Site "Chess.com"]
[Date "2021.03.27"]
[Round "3"]
[White "Bilodeau-Savaria, Sandy-Rose"]
[Black "Liu, Ryan"]
[Result "1-0"]
[WhiteElo "1537"]
[BlackElo "1101"]
[PlyCount "43"]
[EventDate "2021.03.27"]
[EventType "swiss"]
[EventRounds "5"]
[EventCountry "CAN"]

1. d4 d5 2. c4 e6 3. Nf3 Nf6 4. Nc3 c5 5. cxd5 exd5 6. Bf4 Nc6 7. e3 Bd6 8. Bg3
O-O 9. Be2 Ne4 10. Bxd6 Nxd6 11. dxc5 Ne4 12. Nxd5 Qa5+ 13. Nd2 Nxc5 14. O-O
Ne6 15. Nb3 Qd8 16. Bf3 Qg5 17. Qe2 Re8 18. Rfd1 b6 19. Nc7 Nxc7 20. Bxc6 Ba6
21. Qf3 Red8 22. Bxa8 1-0

[Event "Quebec-ch U18 Online"]
[Site "Chess.com"]
[Date "2021.03.27"]
[Round "3"]
[White "Blais, Damien"]
[Black "Yan, Alex Jikai"]
[Result "0-1"]
[WhiteElo "1028"]
[BlackElo "1868"]
[PlyCount "96"]
[EventDate "2021.03.27"]
[EventType "swiss"]
[EventRounds "5"]
[EventCountry "CAN"]

1. e4 c5 2. Nf3 Nc6 3. Bc4 e6 4. O-O Nf6 5. d3 d5 6. exd5 exd5 7. Bb5 Be7 8.
Ne5 Bd7 9. Nxd7 Qxd7 10. Bxc6 bxc6 11. c4 O-O 12. b3 Bd6 13. Qf3 Be5 14. d4
Bxd4 15. Nc3 Ne4 16. Bb2 Nd2 17. Qg3 Nxf1 18. Rxf1 f6 19. cxd5 cxd5 20. Qf3
Rad8 21. Bc1 Rfe8 22. Nxd5 Qxd5 23. Qg4 Qe4 24. Qg3 Qe1 25. Bh6 Bxf2+ 26. Qxf2
Qxf2+ 27. Kxf2 gxh6 28. Kg3 Kg7 29. Rf5 Re5 30. Rf4 Rd3+ 31. Kf2 Rd2+ 32. Kg3
Rxa2 33. Rg4+ Rg5 34. Rxg5+ hxg5 35. Kf3 Rb2 36. Ke4 Rxb3 37. Kd5 a5 38. Kxc5
a4 39. Kc4 Rb8 40. h4 gxh4 41. g4 hxg3 42. Kc3 a3 43. Kc2 a2 44. Kd2 g2 45. Kc2
a1=Q 46. Kd2 Qd4+ 47. Ke2 g1=Q 48. Kf3 Qde3# 0-1

[Event "Quebec-ch U18 Online"]
[Site "Chess.com"]
[Date "2021.03.27"]
[Round "3"]
[White "El-Bechara, Gabriel-Mourani"]
[Black "Wang, Isabelle"]
[Result "0-1"]
[WhiteElo "977"]
[BlackElo "1725"]
[PlyCount "182"]
[EventDate "2021.03.27"]
[EventType "swiss"]
[EventRounds "5"]
[EventCountry "CAN"]

1. e4 e5 2. Nf3 Nc6 3. Bc4 Bc5 4. d4 exd4 5. Ng5 d5 6. Bxd5 Nh6 7. Nxf7 Nxf7 8.
Bxf7+ Kxf7 9. Qh5+ Kf8 10. Qxc5+ Qe7 11. Qxe7+ Kxe7 12. Bf4 Be6 13. Bxc7 Rac8
14. Bf4 Nb4 15. Na3 Nxc2+ 16. Nxc2 Rxc2 17. b3 d3 18. O-O Rf8 19. Bc1 d2 20.
Ba3+ Kf7 21. Bxf8 Kxf8 22. Rad1 Bd7 23. f3 Rxa2 24. Rf2 Be6 25. Rfxd2 Ra3 26.
Rb2 a5 27. Rd4 Bxb3 28. Rd3 Ra1+ 29. Kf2 a4 30. Rd8+ Ke7 31. Rb8 Be6 32. R8xb7+
Kf6 33. R7b6 a3 34. R2b5 a2 35. e5+ Ke7 36. Ra5 Rb1 37. Rba6 Kf7 38. Rxe6 Rb2+
39. Kg3 Kxe6 40. Kg4 Rxg2+ 41. Kh3 Rb2 42. Kg4 Rxh2 43. f4 Rg2+ 44. Kf3 Rb2 45.
Kg4 Rg2+ 46. Kf3 Rb2 47. Kg4 Re2 48. f5+ Kd7 49. Ra6 Rxe5 50. Rxa2 Ke8 51. Rh2
h6 52. Kf4 Re7 53. Rg2 Kf7 54. Rg3 Kf6 55. Rg6+ Kf7 56. Rg3 Rc7 57. Ke5 Rc5+
58. Kf4 Rc6 59. Ke5 Rf6 60. Kf4 Kg8 61. Ke5 Rf7 62. Kf4 Kf8 63. Ke5 Ke7 64. Kf4
Kd6 65. Ke4 Re7+ 66. Kf4 Kd5 67. Rd3+ Kc4 68. Rg3 Kd4 69. Rg1 Kd3 70. Rd1+ Ke2
71. Rg1 Kf2 72. Rh1 Rf7 73. Rh2+ Ke1 74. Rh3 Ke2 75. Ke5 Ra7 76. Rh2+ Kf3 77.
Rh4 Kg3 78. Rg4+ Kxg4 79. Ke6 h5 80. f6 gxf6 81. Kxf6 h4 82. Kg6 Ra6+ 83. Kg7
Kf5 84. Kh7 Kg5 85. Kg8 Ra7 86. Kf8 Kf6 87. Ke8 Ke6 88. Kd8 Rh7 89. Kc8 Kd6 90.
Kb8 Kc6 91. Kc8 Rh8# 0-1